Central Library OPAC University of Rajshahi

The earth before history : (Record no. 12156)

MARC details
000 -LEADER
fixed length control field 01014cam a22003131 4500
001 - CONTROL NUMBER
control field 12156
003 - CONTROL NUMBER IDENTIFIER
rucl marc code BD-RjUL
005 - DATE AND TIME OF LATEST TRANSACTION
control field 20211208235238.0
008 - FIXED-LENGTH DATA ELEMENTS--GENERAL INFORMATION
fixed length control field 140128s1925 nyuab b 001 0 eng
035 ## - SYSTEM CONTROL NUMBER
System control number (BD-RjUL)12205
System control number (OCoLC)2361695
040 ## - CATALOGING SOURCE
Original cataloging agency DLC
Transcribing agency OKentU
Modifying agency OCoLC
-- DLC
-- BD-RjUL
Language of cataloging eng
041 1# - LANGUAGE CODE
Language code of text/sound track or separate title engund
082 ## - DEWEY DECIMAL CLASSIFICATION NUMBER
Classification number 575.8
Author mark and year PEE 1925
100 1# - MAIN ENTRY--PERSONAL NAME
Personal name Perrier, Edmond.
Dates associated with a name 1844-1921.
9 (RLIN) 37638
245 14 - TITLE STATEMENT
Title The earth before history :
Remainder of title man's origin and the origin of life,
Statement of responsibility, etc. by Edmond Perrier.
260 ## - PUBLICATION, DISTRIBUTION, ETC. (IMPRINT)
Place of publication, distribution, etc. New York;
-- London :
Name of publisher, distributor, etc. A.A. Knopf,
Date of publication, distribution, etc. 1925.
300 ## - PHYSICAL DESCRIPTION
Pagination xxiv, 345 p. :
Illustrations illus. (maps) ;
Size 25 cm.
490 0# - SERIES STATEMENT
Series statement The History of civilization
500 ## - GENERAL NOTE
General note "Printed in Great Britain."
General note "Translated by Paul Radin ... and V.C.C. Collum."
504 ## - BIBLIOGRAPHY, ETC. NOTE
Bibliography, etc Includes Bibliography and index.
650 #0 - SUBJECT ADDED ENTRY--TOPICAL TERM
Topical term or geographic name as entry element Evolution.
9 (RLIN) 37639
Topical term or geographic name as entry element Life
General subdivision Origin.
9 (RLIN) 4249
Topical term or geographic name as entry element Human beings
General subdivision Origin.
9 (RLIN) 3799
942 ## - ADDED ENTRY ELEMENTS (KOHA)
Source of classification or shelving scheme Dewey Decimal Classification
Koha item type Books
Holdings
Lost status Source of classification or shelving scheme Damaged status Not for loan Collection code Permanent Location Current Location Shelving location Date acquired Source of acquisition Cost, normal purchase price Total Checkouts Full call number Date last seen Copy number Koha item type
  Dewey Decimal Classification     Non-fiction Central Library, University of Rajshahi Central Library, University of Rajshahi   11/10/1951 P A Commercial 17.41   575.8 PEE 1925 28/01/2014 C-2 Books
  Dewey Decimal Classification   Not For Loan Non-fiction Central Library, University of Rajshahi Central Library, University of Rajshahi Reading Room 25/11/1957 P A Commercial 17.40   575.8 PEE 1925 14/03/2017 C-1 Books
  Dewey Decimal Classification     Non-fiction Central Library, University of Rajshahi Central Library, University of Rajshahi   14/11/1956 ABC 17.00   575.8 PEE 1925 22/05/2017 C-3 Books
  Dewey Decimal Classification     Non-fiction Central Library, University of Rajshahi Central Library, University of Rajshahi   14/11/1956 Publishers United ltd 22.12   575.8 PEE 1925 22/05/2017 C-4 Books